Can You Solve These Clever Riddles? - Statistics

General Stats
  • This quiz has been taken 289 times
  • The average score is 5 of 7
Answer Stats
Riddle Answer % Correct
You walk into a room with a match, a kerosene lamp, a candle, and a fireplace. Which do you light first? The match
90%
Which word in the dictionary is always spelled incorrectly? Incorrectly
88%
What five-letter word becomes shorter when you add two letters to it? Short
88%
What gets wetter as it dries? A towel
76%
What disappears as soon as you say its name? Silence
63%
I can only live where there is light but if light shines on me, I die. What am I? A shadow
61%
What kind of coat is always wet when you put it on? Coat of paint
61%
No matching quizzes found
Score Distribution
Percent of People with Each Score
Percentile by Number Answered
Your Score History
You have not taken this quiz